000 00326nam a22001337a 4500
008 171005b xxu||||| |||| 00| 0 eng d
020 _a9780803970410
041 _aeng
080 _a159.9
100 _a49
101 _aPSI
245 _aWOMEN AT RISK DOMESTIC VIOLOENCE WOMENS HEALTH
_cSTARK.E
942 _2udc
_cBK
999 _c31990
_d31990